Vida precaria: el poder del duelo y la violencia

-д хадгалсан:
Номзүйн дэлгэрэнгүй
Үндсэн зохиолч: Butler, Judith (Зохиогч)
Формат: Ном
Хэл сонгох:испани
Хэвлэсэн: Buenos Aires Paidós 2006
Хэвлэл:1a. ed
Цуврал:Espacios del Saber, 57
Нөхцлүүд:
Шошгууд: Шошго нэмэх
Шошго байхгүй, Энэхүү баримтыг шошголох эхний хүн болох!

MARC

LEADER 00000nam a2200000 a 4500
001 UCG7012
003 CL-VaPUC
008 110609e20060000AG |||||||||||||||||spa|d
020 |a 9789501265576 
082 0 4 |a 306.42  |b BUT  |2 21 
100 0 |a Butler, Judith  |e author  |9 557541 
245 1 0 |a Vida precaria: el poder del duelo y la violencia 
250 |a 1a. ed 
300 |a 192 p 
942 |c BK 
945 |d 20110609 00:00:00  |a dcastane 
260 |a Buenos Aires  |b Paidós  |c 2006 
650 0 |a Sociología cultural  |9 337005 
650 0 |a Cultura  |9 269059 
650 0 |a Sociedad  |9 307903 
583 |a last modification  |c 20110609 00:00:00  |k Rodrigo Vera 
490 0 |a Espacios del Saber, 57 
999 |c 345116  |d 345114 
952 |0 0  |1 0  |4 0  |6 306_420000000000000_BUT_2006  |7 0  |8 A  |9 443582  |a BIBEDU  |b BIBEDU  |d 2019-11-22  |i 4783646  |o 306.42 BUT 2006  |p 4783646  |r 2019-11-22  |w 2019-11-22  |y BK  |k PSI